[Event "DEM U10/U10w 2013"]
[Site "Oberhof GER"]
[Date "2013.05.20"]
[Round "3"]
[White "Bartelt, Max Peter"]
[Black "Brunkardt, Elena"]
[Result "0-1"]
[Termination "normal"]
[Board "22"]
[WhiteElo "1356"]
[BlackElo "1010"]
[PlyCount "146"]
[WhiteFideId "12967289"]
[BlackFideId "16208838"]
[EventCountry "GER"]
[EventRounds "11"]
[EventType "swiss"]
[EventDate "2013.05.18"]

1. d4 d5 2. Bf4 e6 3. Nf3 Bd6 4. Bg3 Bxg3 5. hxg3 Nf6 6. e3 Nbd7 7. c4 c6 8.
Nc3 O-O 9. Qc2 Re8 10. Bd3 g6 11. O-O-O Nf8 12. e4 dxc4 13. Bxc4 b5 14. Bd3 b4
15. Ne2 Qb6 16. Kb1 Ng4 17. Nf4 e5 18. Nxe5 Rxe5 19. dxe5 Nxf2 20. Rhf1 Nxd1
21. Qxd1 Be6 22. Qf3 Rb8 23. Nxe6 fxe6 24. Qf7+ Kh8 25. Qe7 Qd8 26. Qd6 Qxd6
27. exd6 Nd7 28. Bc4 e5 29. Kc2 Rd8 30. Bd3 Nc5 31. Rf6 Kg7 32. Rf3 Rxd6 33. b3
a5 34. g4 Kh6 35. Re3 Kg5 36. Be2 Kf4 37. Rf3+ Kxe4 38. Rh3 Rd7 39. Bf3+ Kf4
40. Bxc6 Rc7 41. Bf3 Ne4+ 42. Kb2 Ng5 43. Rh1 Nxf3 44. gxf3 Kxf3 45. Re1 e4 46.
Rf1+ Kxg4 47. Rg1+ Kf3 48. Rf1+ Ke2 49. Rf8 Rd7 50. Re8 e3 51. Kc1 Rd1+ 52. Kc2
Rd2+ 53. Kb1 Kf2 54. Rf8+ Ke1 55. Re8 e2 56. Kc1 Rxa2 57. Rf8 a4 58. bxa4 Rxa4
59. Kc2 Ra5 60. Kc1 Rb5 61. Kc2 b3+ 62. Kc1 b2+ 63. Kb1 h5 64. Rh8 Kf2 65. Rf8+
Rf5 66. Rxf5+ gxf5 67. Kxb2 e1=Q 68. Kc2 Qe3 69. Kb2 Ke2 70. Kc2 Qd3+ 71. Kb2
Kd2 72. Ka1 Kc2 73. Ka2 Qa6# 0-1

[Event "DEM U10/U10w 2013"]
[Site "Oberhof GER"]
[Date "2013.05.20"]
[Round "3"]
[White "Henning, Marvin"]
[Black "Schmidtmann, Kimberly"]
[Result "1-0"]
[Termination "normal"]
[Board "23"]
[WhiteElo "1342"]
[BlackElo "950"]
[PlyCount "59"]
[WhiteFideId "12957399"]
[BlackFideId "12967106"]
[EventCountry "GER"]
[EventRounds "11"]
[EventType "swiss"]
[EventDate "2013.05.18"]

1. e4 e5 2. Nf3 Nc6 3. Bb5 a6 4. Ba4 b5 5. Bb3 Nf6 6. O-O Bc5 7. c3 d6 8. d4
exd4 9. cxd4 Bb4 10. Bg5 h6 11. Bh4 g5 12. Bg3 Nxe4 13. Bd5 Nxg3 14. Bxc6+ Bd7
15. Bxd7+ Qxd7 16. fxg3 c5 17. Qe2+ Kd8 18. dxc5 Bxc5+ 19. Kh1 Kc7 20. Nc3 Rhe8
21. Qc2 Kc6 22. Ne4 f5 23. Nf6 Qe7 24. Nxe8 Rxe8 25. b4 g4 26. Nd4+ Kd5 27.
bxc5 Kxd4 28. cxd6 Qxd6 29. Rad1+ Ke5 30. Qxf5# 1-0

[Event "DEM U10/U10w 2013"]
[Site "Oberhof GER"]
[Date "2013.05.20"]
[Round "3"]
[White "Hommer, Jeremy"]
[Black "Bierfreund, Trine Maja"]
[Result "1-0"]
[Termination "normal"]
[Board "24"]
[WhiteElo "994"]
[BlackElo "1341"]
[PlyCount "83"]
[WhiteFideId "12992577"]
[BlackFideId "12957372"]
[EventCountry "GER"]
[EventRounds "11"]
[EventType "swiss"]
[EventDate "2013.05.18"]

1. d4 d5 2. c4 e6 3. Nc3 Nf6 4. Bg5 Be7 5. Nf3 O-O 6. e3 Nbd7 7. Bd3 dxc4 8.
Bxc4 c5 9. O-O cxd4 10. Nxd4 Re8 11. Qc2 Nf8 12. Rad1 Qc7 13. b3 a6 14. a4 Qc5
15. Bxf6 Bxf6 16. Ne4 Qe7 17. Rd3 e5 18. Nf3 Bf5 19. Bd5 Rab8 20. Rc3 Red8 21.
Rd1 a5 22. Qe2 b6 23. Ng3 Bg4 24. e4 Bh4 25. Nf1 Rd6 26. Ne3 Bxf3 27. Qxf3 Qf6
28. Nf5 Rd7 29. Rc6 Qg5 30. g3 Ng6 31. Kh1 Bxg3 32. hxg3 Qd8 33. Rdc1 h6 34.
Rxg6 Rxd5 35. Rxg7+ Kf8 36. exd5 Qf6 37. Rc6 Qxg7 38. Nxg7 Kxg7 39. Qf6+ Kf8
40. Rc7 Kg8 41. Qxf7+ Kh8 42. Qg7# 1-0

[Event "DEM U10/U10w 2013"]
[Site "Oberhof GER"]
[Date "2013.05.20"]
[Round "3"]
[White "Post, Hugo"]
[Black "Grabbel, Lennart Christian"]
[Result "1-0"]
[Termination "normal"]
[Board "25"]
[WhiteElo "1341"]
[BlackElo "893"]
[PlyCount "115"]
[WhiteFideId "12962490"]
[BlackFideId "16201620"]
[EventCountry "GER"]
[EventRounds "11"]
[EventType "swiss"]
[EventDate "2013.05.18"]

1. e4 e5 2. Nf3 Nc6 3. Bc4 Bc5 4. b4 Bxb4 5. c3 Ba5 6. d4 d6 7. d5 Nce7 8. O-O
Bg4 9. Be3 Nf6 10. h3 Bh5 11. Be2 Qd7 12. Qc2 O-O 13. Nbd2 c6 14. c4 cxd5 15.
cxd5 Rfc8 16. Qd1 Bxd2 17. Nxd2 Bxe2 18. Qxe2 Rc2 19. f3 Nh5 20. Kh2 f5 21.
Rfc1 Rac8 22. Rxc2 Rxc2 23. Qd1 Rc8 24. Bxa7 f4 25. Bf2 Ng6 26. Rb1 Rc7 27. Qb3
Qe7 28. Bb6 Rc8 29. Ba5 Ra8 30. Nc4 Rb8 31. Bb4 Rd8 32. Bxd6 Rxd6 33. Nxd6 Qxd6
34. Qxb7 Ng3 35. Qb8+ Qxb8 36. Rxb8+ Kf7 37. Rb7+ Kg8 38. d6 Nf8 39. d7 Nxd7
40. Rxd7 Nf1+ 41. Kg1 Ne3 42. a4 Nc4 43. Rd5 Kf7 44. a5 Nxa5 45. Rxa5 Kf6 46.
h4 h5 47. Kf2 g6 48. Ke2 Ke6 49. Kd3 Kf6 50. Kc4 Ke6 51. Ra6+ Kf7 52. Kd5 Kg7
53. Kxe5 Kh6 54. Kf6 g5 55. Ra8 Kh7 56. hxg5 h4 57. g6+ Kh6 58. Rh8# 1-0

[Event "DEM U10/U10w 2013"]
[Site "Oberhof GER"]
[Date "2013.05.20"]
[Round "3"]
[White "Brückner, Alexander"]
[Black "Pahl, Erik"]
[Result "1-0"]
[Termination "normal"]
[Board "26"]
[WhiteElo "1334"]
[BlackElo "880"]
[PlyCount "105"]
[WhiteFideId "12952613"]
[BlackFideId "16201272"]
[EventCountry "GER"]
[EventRounds "11"]
[EventType "swiss"]
[EventDate "2013.05.18"]

1. e4 e5 2. Nf3 Nc6 3. d4 exd4 4. Bc4 Nf6 5. e5 d5 6. Bb5 Ne4 7. Nxd4 Bd7 8.
Bxc6 Bxc6 9. Nxc6 bxc6 10. Be3 Bc5 11. Bxc5 Nxc5 12. Qd4 Ne6 13. Qc3 c5 14. O-O
d4 15. Qc4 O-O 16. Nd2 Rb8 17. f4 Qe7 18. f5 Nd8 19. f6 Qxe5 20. Rae1 Qg5 21.
fxg7 Kxg7 22. Ne4 Rb4 23. Qd3 Qh5 24. Rf3 Ne6 25. Ref1 Rxb2 26. Rh3 c4 27. Qg3+
Qg6 28. Qe5+ f6 29. Qxe6 Qf7 30. Rg3+ Kh8 31. Qxf6+ Qxf6 32. Rxf6 Rbb8 33.
Rxf8+ Rxf8 34. Nd2 c3 35. Nb3 Rd8 36. Rd3 Kg7 37. Rxd4 Rxd4 38. Nxd4 Kf6 39.
Kf2 Ke5 40. Ke3 Kd5 41. Nb5 Ke5 42. Nxc7 Kf5 43. Nb5 Kg4 44. Nxa7 h5 45. Nb5 h4
46. a4 h3 47. gxh3+ Kxh3 48. a5 Kxh2 49. a6 Kg3 50. a7 Kg4 51. a8=Q Kf5 52. Qe8
Kg4 53. Ke4 1-0

[Event "DEM U10/U10w 2013"]
[Site "Oberhof GER"]
[Date "2013.05.20"]
[Round "3"]
[White "Zyla, Lennert"]
[Black "Richter, Merlin"]
[Result "1-0"]
[Termination "normal"]
[Board "27"]
[WhiteElo "1291"]
[BlackElo "791"]
[PlyCount "55"]
[WhiteFideId "12981567"]
[EventCountry "GER"]
[EventRounds "11"]
[EventType "swiss"]
[EventDate "2013.05.18"]

1. e4 e5 2. Nf3 Nc6 3. Bb5 a6 4. Bxc6 dxc6 5. O-O Bd6 6. d4 Bg4 7. Be3 Nf6 8.
Nc3 O-O 9. h3 Bxf3 10. Qxf3 Re8 11. Rad1 b5 12. dxe5 Rxe5 13. Bf4 Qe7 14. Bxe5
Qxe5 15. g3 h5 16. Qf4 b4 17. Qxe5 Bxe5 18. Na4 Nxe4 19. Rfe1 f5 20. f3 Bxg3
21. fxe4 Bxe1 22. Rxe1 fxe4 23. Rxe4 a5 24. Rc4 Ra6 25. Nc5 Rb6 26. Nd7 Ra6 27.
Nb8 Kf7 28. Nxa6 1-0

[Event "DEM U10/U10w 2013"]
[Site "Oberhof GER"]
[Date "2013.05.20"]
[Round "3"]
[White "Berelowitsch, Dana"]
[Black "Bui, Julia"]
[Result "0-1"]
[Termination "normal"]
[Board "28"]
[WhiteElo "981"]
[BlackElo "1260"]
[PlyCount "54"]
[WhiteFideId "12977144"]
[BlackFideId "12977055"]
[EventCountry "GER"]
[EventRounds "11"]
[EventType "swiss"]
[EventDate "2013.05.18"]

1. e4 c5 2. Nf3 d6 3. d4 cxd4 4. Nxd4 Nf6 5. Nc3 a6 6. Bg5 e6 7. Bc4 Nbd7 8.
O-O Qc7 9. Bb3 b5 10. a3 Bb7 11. Re1 Be7 12. Qd2 O-O 13. Re3 Nc5 14. f3 Rfe8
15. Ba2 Nfd7 16. Bxe7 Rxe7 17. Rae1 Ne5 18. f4 Ng6 19. f5 exf5 20. exf5 Rxe3
21. Rxe3 Ne5 22. Qe2 h6 23. Qf1 Ncd7 24. Bd5 Nf6 25. Bxb7 Qxb7 26. Nf3 Nc4 27.
Qd3 Nxe3 0-1

[Event "DEM U10/U10w 2013"]
[Site "Oberhof GER"]
[Date "2013.05.20"]
[Round "3"]
[White "Hartmann, Katrin"]
[Black "Grund, Sebastian"]
[Result "0-1"]
[Termination "normal"]
[Board "29"]
[WhiteElo "975"]
[BlackElo "1231"]
[PlyCount "84"]
[WhiteFideId "16200632"]
[BlackFideId "12988626"]
[EventCountry "GER"]
[EventRounds "11"]
[EventType "swiss"]
[EventDate "2013.05.18"]

1. e4 c5 2. Nf3 e6 3. d4 cxd4 4. Nxd4 Be7 5. Bd3 Nf6 6. Be3 Nc6 7. c3 a6 8. Nd2
b5 9. O-O Bb7 10. Re1 Qc7 11. Nf1 Ne5 12. Ng3 Nxd3 13. Qxd3 Bd6 14. Nf3 Bxg3
15. hxg3 Bxe4 16. Qd4 Qc4 17. Ng5 Qxd4 18. Bxd4 Bg6 19. Rad1 Rd8 20. Bb6 Rb8
21. Bc5 Nd5 22. Bd6 Rb6 23. Bc5 Rc6 24. Ba3 Ne7 25. Re2 Bh5 26. f3 Nc8 27. g4
Bg6 28. Red2 Nb6 29. Bb4 f6 30. Ne4 d5 31. Nc5 Kf7 32. Re2 Nc4 33. b3 Ne5 34.
f4 Nxg4 35. Rde1 Bf5 36. g3 a5 37. Ba3 Rhc8 38. b4 axb4 39. cxb4 Bd3 40. Nxd3
Rc3 41. Nf2 Rxg3+ 42. Kf1 Nh2# 0-1

[Event "DEM U10/U10w 2013"]
[Site "Oberhof GER"]
[Date "2013.05.20"]
[Round "3"]
[White "Astner, Sebastian"]
[Black "Khamenya, Vitalia"]
[Result "1/2-1/2"]
[Termination "normal"]
[Board "30"]
[WhiteElo "886"]
[BlackElo "1210"]
[PlyCount "89"]
[WhiteFideId "12979422"]
[BlackFideId "12959260"]
[EventCountry "GER"]
[EventRounds "11"]
[EventType "swiss"]
[EventDate "2013.05.18"]

1. e4 e5 2. Nf3 Nc6 3. Bc4 d6 4. d3 Bg4 5. Be3 Nf6 6. Nbd2 Be7 7. c3 a6 8. Qb3
Bh5 9. Ng5 O-O 10. Qxb7 Na5 11. Qb4 Nxc4 12. Qxc4 h6 13. Ngf3 c5 14. h3 Bxf3
15. Nxf3 Nd7 16. d4 cxd4 17. cxd4 a5 18. dxe5 dxe5 19. Qd5 Qe8 20. Nxe5 Nxe5
21. O-O Ng6 22. Qh5 Bg5 23. Bc5 Ne7 24. f4 g6 25. Qg4 Bf6 26. e5 Bg7 27. Rad1
Rd8 28. Rxd8 Qxd8 29. Rd1 Qc7 30. Ba3 Rd8 31. Rxd8+ Qxd8 32. Bd6 Nf5 33. Bc5
Qd5 34. Ba3 Qxa2 35. Qd1 Ne3 36. Qd8+ Kh7 37. e6 Qb1+ 38. Kf2 Nd1+ 39. Ke2 Qa2
40. Kxd1 Qxe6 41. Qxa5 Qb3+ 42. Kc1 Qc4+ 43. Kb1 Qf1+ 44. Ka2 Qc4+ 45. Kb1
1/2-1/2

[Event "DEM U10/U10w 2013"]
[Site "Oberhof GER"]
[Date "2013.05.20"]
[Round "3"]
[White "Sinnhöfer, Lilian"]
[Black "Kukulina, Sonja"]
[Result "0-1"]
[Termination "normal"]
[Board "32"]
[WhiteElo "875"]
[BlackElo "1184"]
[PlyCount "82"]
[WhiteFideId "12977586"]
[BlackFideId "12977047"]
[EventCountry "GER"]
[EventRounds "11"]
[EventType "swiss"]
[EventDate "2013.05.18"]

1. e4 e5 2. Nf3 Nc6 3. Nc3 Nf6 4. d3 d5 5. exd5 Nxd5 6. Be2 Bb4 7. Bd2 O-O 8.
O-O Be6 9. Nxd5 Qxd5 10. Bxb4 Nxb4 11. Ng5 Bf5 12. Bf3 Qd8 13. Qd2 Nc6 14. Bxc6
bxc6 15. Rfe1 f6 16. Nh3 Qd7 17. Re3 Rae8 18. Qc3 Qd4 19. Qc4+ Qxc4 20. dxc4
Rd8 21. Rc3 Rd2 22. Rc1 Rfd8 23. g4 Bxg4 24. Kg2 Bxh3+ 25. Kxh3 Rxf2 26. Kg3
Rdd2 27. Rh1 Rxc2 28. Rxc2 Rxc2 29. Rb1 Rxc4 30. b4 Rc3+ 31. Kf2 Rc2+ 32. Ke1
Rxa2 33. Rc1 Ra6 34. Rd1 Kf7 35. Rd7+ Kg6 36. Kf2 Rb6 37. Kg3 Rxb4 38. Rxc7 a5
39. Ra7 a4 40. h4 Rb3+ 41. Kg4 h5# 0-1

[Event "DEM U10/U10w 2013"]
[Site "Oberhof GER"]
[Date "2013.05.20"]
[Round "3"]
[White "Bünte, Kirsten"]
[Black "Müller, Marvin"]
[Result "1-0"]
[Termination "normal"]
[Board "33"]
[WhiteElo "1182"]
[BlackElo "774"]
[PlyCount "99"]
[WhiteFideId "16200535"]
[BlackFideId "16214528"]
[EventCountry "GER"]
[EventRounds "11"]
[EventType "swiss"]
[EventDate "2013.05.18"]

1. e4 e5 2. Nf3 Nc6 3. Bc4 Bc5 4. d3 h6 5. Nc3 Nf6 6. Be3 Bb6 7. O-O d6 8. h3
Be6 9. Bb3 O-O 10. Nd5 Bxd5 11. exd5 Nd4 12. Nxd4 exd4 13. Bd2 c6 14. dxc6 bxc6
15. Qf3 d5 16. Qg3 Bc7 17. Qf3 Qd6 18. g3 Rfe8 19. Rfe1 Rad8 20. a3 Re7 21. Bb4
c5 22. Bd2 Rde8 23. Ba4 Rb8 24. Bb3 Rd8 25. Rab1 Qd7 26. Rxe7 Qxe7 27. Re1 Qd7
28. h4 Qh3 29. Qg2 Qxg2+ 30. Kxg2 Rb8 31. Re7 c4 32. dxc4 dxc4 33. Bxc4 Bb6 34.
Rxf7 Nh7 35. Rb7+ Kf8 36. Rxb8+ Ke7 37. Bd3 Bc7 38. Rb7 Kd6 39. Bxh7 Kc6 40.
Be4+ Kd7 41. Ba5 Ke8 42. Rxc7 Kf8 43. Kf3 Kg8 44. Bb4 g6 45. Kf4 a6 46. Ke5 a5
47. Bxa5 h5 48. Kf6 d3 49. Bxd3 Kh8 50. Kxg6 1-0

[Event "DEM U10/U10w 2013"]
[Site "Oberhof GER"]
[Date "2013.05.20"]
[Round "3"]
[White "Huppert, Anna"]
[Black "Richardt, Josia"]
[Result "0-1"]
[Termination "normal"]
[Board "34"]
[WhiteElo "793"]
[BlackElo "1205"]
[PlyCount "82"]
[WhiteFideId "16214439"]
[BlackFideId "16217594"]
[EventCountry "GER"]
[EventRounds "11"]
[EventType "swiss"]
[EventDate "2013.05.18"]

1. e4 e5 2. Nf3 Nc6 3. Bc4 Bc5 4. O-O Nf6 5. Ng5 O-O 6. Qf3 h6 7. Nh3 Nd4 8.
Qg3 Nxc2 9. d3 Kh8 10. Nc3 Nxa1 11. Nd5 c6 12. d4 Bxd4 13. Ndf4 exf4 14. Nxf4
Nxe4 15. Qg4 d5 16. Qf3 Bxf2+ 17. Rxf2 Nxf2 18. Qxf2 dxc4 19. Qg3 Qf6 20. Nh5
Qg6 21. Qh4 Bf5 22. Kf1 Qg4 23. Qe7 Bd3+ 24. Kf2 Qxh5 25. b3 Qf5+ 26. Kg3 Qg6+
27. Kf4 Qf6+ 28. Qxf6 gxf6 29. Bb2 Rae8 30. Bxa1 Re4+ 31. Kf5 Re1+ 32. Kg4 Rxa1
33. a4 Rf1 34. Kh5 Be2+ 35. Kh4 Rg8 36. h3 Rf4+ 37. g4 Bxg4 38. hxg4 Rfxg4+ 39.
Kh3 a5 40. bxc4 c5 41. Kh2 Rh4# 0-1

[Event "DEM U10/U10w 2013"]
[Site "Oberhof GER"]
[Date "2013.05.20"]
[Round "3"]
[White "Straßburg, Robin"]
[Black "Bosselmann, Tom Linus"]
[Result "0-1"]
[Termination "normal"]
[Board "35"]
[WhiteElo "911"]
[BlackElo "1180"]
[PlyCount "100"]
[WhiteFideId "16210018"]
[BlackFideId "12983845"]
[EventCountry "GER"]
[EventRounds "11"]
[EventType "swiss"]
[EventDate "2013.05.18"]

1. d4 d5 2. Nf3 Nf6 3. Nc3 Nc6 4. Bf4 a6 5. h3 Bf5 6. a3 e6 7. e3 Bd6 8. Bxd6
Qxd6 9. Bd3 Bxd3 10. Qxd3 h6 11. O-O Rg8 12. Rfe1 O-O-O 13. e4 dxe4 14. Nxe4
Nxe4 15. Rxe4 Rge8 16. Rb1 g5 17. b4 f5 18. Ree1 Nxd4 19. c3 Nxf3+ 20. Qxf3 Qd3
21. Qxd3 Rxd3 22. Rb3 h5 23. Reb1 Red8 24. c4 Rd1+ 25. Rxd1 Rxd1+ 26. Kh2 Rd2
27. f3 Rc2 28. c5 b6 29. cxb6 cxb6 30. Re3 Kd7 31. Rd3+ Ke7 32. Re3 Kf6 33. Kg1
f4 34. Rd3 Ra2 35. Kh2 Kf5 36. Rb3 e5 37. Rc3 g4 38. hxg4+ hxg4 39. Kg1 Ra1+
40. Kf2 g3+ 41. Ke2 Ra2+ 42. Kf1 Ra1+ 43. Ke2 Rg1 44. Rd3 e4 45. fxe4+ Kxe4 46.
Rb3 Rxg2+ 47. Kf1 f3 48. Rc3 Re2 49. Rb3 g2+ 50. Kg1 Re1+ 0-1

[Event "DEM U10/U10w 2013"]
[Site "Oberhof GER"]
[Date "2013.05.20"]
[Round "3"]
[White "Guckes, Simon"]
[Black "Truong, Lisa"]
[Result "0-1"]
[Termination "normal"]
[Board "36"]
[WhiteElo "1122"]
[BlackElo "793"]
[PlyCount "122"]
[WhiteFideId "12944955"]
[BlackFideId "12983462"]
[EventCountry "GER"]
[EventRounds "11"]
[EventType "swiss"]
[EventDate "2013.05.18"]

1. e4 e5 2. d4 exd4 3. Qxd4 Nc6 4. Qe3 Nf6 5. Bd2 d6 6. Nc3 Be7 7. O-O-O Be6 8.
f3 Qd7 9. Bb5 a6 10. Be2 O-O-O 11. f4 Qe8 12. Nf3 Ng4 13. Qg1 h6 14. h3 Nf6 15.
Qe3 d5 16. exd5 Nxd5 17. Nxd5 Bxd5 18. Kb1 Qf8 19. Rhe1 Bc5 20. Nd4 Bxd4 21.
Qd3 Qc5 22. a3 Bf6 23. Qg3 Qb6 24. Bc3 Bxc3 25. Qxc3 f6 26. b3 Qa5 27. Qxa5
Nxa5 28. Bg4+ Kb8 29. Rd2 Bf7 30. Red1 Rxd2 31. Rxd2 Bg6 32. f5 Bf7 33. Rd7 Rf8
34. Be2 Kc8 35. Rd3 Rd8 36. Rg3 Rg8 37. a4 g5 38. fxg6 Bxg6 39. Bh5 Bxc2+ 40.
Kxc2 Rxg3 41. Bg4+ Kd8 42. b4 Nc6 43. b5 axb5 44. axb5 Nd4+ 45. Kd2 Nxb5 46.
Bf3 b6 47. Bc6 Nd6 48. h4 b5 49. h5 b4 50. Bd5 b3 51. Bxb3 Rxb3 52. g4 c5 53.
Kc2 Rg3 54. g5 fxg5 55. Kd2 Rf3 56. Ke2 Rf8 57. Ke3 g4 58. Kd3 g3 59. Ke2 g2
60. Kd3 g1=Q 61. Kc3 Rf3+ 0-1

[Event "DEM U10/U10w 2013"]
[Site "Oberhof GER"]
[Date "2013.05.20"]
[Round "3"]
[White "Eulitz, Charlotte"]
[Black "Höfs, Cederik"]
[Result "1-0"]
[Termination "normal"]
[Board "37"]
[WhiteElo "1009"]
[BlackElo "915"]
[PlyCount "125"]
[WhiteFideId "12964654"]
[BlackFideId "16207653"]
[EventCountry "GER"]
[EventRounds "11"]
[EventType "swiss"]
[EventDate "2013.05.18"]

1. e4 e5 2. Nf3 Nc6 3. Bc4 Bc5 4. c3 Nf6 5. d4 exd4 6. cxd4 Bb4+ 7. Bd2 Bxd2+
8. Nbxd2 O-O 9. O-O d6 10. h3 d5 11. exd5 Nxd5 12. Re1 Re8 13. Rxe8+ Qxe8 14.
Bxd5 Bf5 15. Rc1 Rd8 16. Bxc6 bxc6 17. Nb3 Rb8 18. d5 Rd8 19. Rc5 Be6 20. Qc2
Bxd5 21. Nbd4 Rd6 22. Qa4 Bxf3 23. Nxf3 f6 24. Qxa7 Rd1+ 25. Kh2 Rd7 26. Rxc6
Qe7 27. Qb8+ Kf7 28. Qb3+ Kf8 29. Ra6 Rd8 30. a4 g6 31. Qc3 Kg7 32. g4 Kf8 33.
Rxf6+ Kg8 34. Qe5 Qd7 35. Qe6+ Qxe6 36. Rxe6 Rf8 37. Kg3 c5 38. Rc6 Ra8 39.
Rxc5 Rxa4 40. Rc8+ Kg7 41. Rb8 h6 42. b4 Kf6 43. Rb6+ Kg7 44. b5 Rb4 45. Rb7+
Kf6 46. b6 g5 47. Rb8 Rb3 48. b7 Ke6 49. Re8+ Kd7 50. b8=Q Rxb8 51. Rxb8 Ke6
52. Rb6+ Kf7 53. Rxh6 Kg7 54. Ra6 Kf7 55. Nxg5+ Kg7 56. Kf4 Kf8 57. Ra7 Ke8 58.
Ke5 Kd8 59. Kd6 Kc8 60. Rh7 Kb8 61. Kc6 Ka8 62. Kb6 Kb8 63. Rh8# 1-0

[Event "DEM U10/U10w 2013"]
[Site "Oberhof GER"]
[Date "2013.05.20"]
[Round "3"]
[White "Pantsernaya, Sofya"]
[Black "Wachinger, Nikolas"]
[Result "1-0"]
[Termination "normal"]
[Board "38"]
[WhiteElo "1253"]
[BlackElo "1007"]
[PlyCount "127"]
[WhiteFideId "12993182"]
[BlackFideId "12962791"]
[EventCountry "GER"]
[EventRounds "11"]
[EventType "swiss"]
[EventDate "2013.05.18"]

1. e4 c5 2. Nf3 Nc6 3. Bb5 d6 4. Bxc6+ bxc6 5. O-O Bg4 6. h3 Bh5 7. d3 e5 8.
Nbd2 Be7 9. c3 Nf6 10. Nc4 Nd7 11. Qe2 d5 12. Ncd2 O-O 13. d4 Qc7 14. Qd3 c4
15. Qe3 f5 16. exd5 f4 17. Qe1 cxd5 18. Nxe5 Nxe5 19. Qxe5 Qxe5 20. dxe5 Rae8
21. Re1 Bd6 22. Nf3 Bxf3 23. gxf3 Bxe5 24. Bd2 d4 25. cxd4 Bxd4 26. Rxe8 Rxe8
27. Bxf4 Bxb2 28. Rb1 c3 29. Kg2 h6 30. Rd1 g5 31. Be3 Rxe3 32. Rd8+ Kg7 33.
fxe3 c2 34. Rc8 c1=Q 35. Rxc1 Bxc1 36. e4 Be3 37. Kf1 Bf4 38. Ke2 Kg6 39. Kd3
Kh5 40. a4 Kh4 41. a5 Kxh3 42. a6 Kg2 43. Kc4 h5 44. Kc5 Bc7 45. Kc6 Bb6 46. e5
Ba5 47. Kb7 h4 48. Kxa7 h3 49. Kb7 h2 50. a7 h1=Q 51. a8=Q Qh7+ 52. Kc6 Qe4+
53. fxe4 Bb4 54. Qg8 Bd2 55. e6 Kh3 56. e7 g4 57. Qh7+ Kg2 58. e5 g3 59. Qc2
Kf1 60. Qd1+ Kg2 61. Qxd2+ Kh1 62. e8=R g2 63. Rh8+ Kg1 64. Qe1# 1-0

[Event "DEM U10/U10w 2013"]
[Site "Oberhof GER"]
[Date "2013.05.20"]
[Round "3"]
[White "Jaenecke, Maike"]
[Black "Schmidtmann, Samantha"]
[Result "0-1"]
[Termination "normal"]
[Board "39"]
[WhiteElo "968"]
[BlackElo "1171"]
[PlyCount "98"]
[BlackFideId "12956759"]
[EventCountry "GER"]
[EventRounds "11"]
[EventType "swiss"]
[EventDate "2013.05.18"]

1. e4 c5 2. Nf3 d6 3. Nc3 Nc6 4. d3 g6 5. Be2 Bg7 6. Bd2 e6 7. O-O Nge7 8. h3
O-O 9. a3 Nd4 10. Ne1 f5 11. Bg5 h6 12. Bxe7 Qxe7 13. b4 Nxe2+ 14. Qxe2 Bxc3
15. Rb1 fxe4 16. dxe4 cxb4 17. axb4 Bg7 18. Nf3 Bd7 19. g3 Qf6 20. Rb3 e5 21.
h4 Rac8 22. Ne1 Bh3 23. Ng2 Be6 24. Ra3 Bc4 25. Qd1 Bxf1 26. Qxf1 Rxc2 27. f3
a6 28. Ne1 Rc1 29. Kh2 Rfc8 30. Qe2 Qe6 31. Ra2 Rxe1 32. Qb2 Rec1 33. Qa3 Qc4
34. Qa4 Rc2+ 35. Rxc2 Qxc2+ 36. Qxc2 Rxc2+ 37. Kh3 b6 38. f4 a5 39. bxa5 bxa5
40. fxe5 Bxe5 41. Kg4 a4 42. Kf3 a3 43. Ke3 a2 44. Kd3 a1=Q 45. Kxc2 Qc3+ 46.
Kd1 Qd3+ 47. Kc1 Bc3 48. e5 Qd2+ 49. Kb1 Qb2# 0-1

[Event "DEM U10/U10w 2013"]
[Site "Oberhof GER"]
[Date "2013.05.20"]
[Round "3"]
[White "Rizo Wellmann, Darja"]
[Black "Klemke, Kassandra"]
[Result "0-1"]
[Termination "normal"]
[Board "40"]
[WhiteElo "956"]
[BlackElo "1163"]
[PlyCount "72"]
[WhiteFideId "16218361"]
[BlackFideId "16217128"]
[EventCountry "GER"]
[EventRounds "11"]
[EventType "swiss"]
[EventDate "2013.05.18"]

1. e4 e6 2. d4 d5 3. e5 c5 4. c3 Nc6 5. Nf3 Qb6 6. Bd3 Nge7 7. O-O Nf5 8. Bxf5
exf5 9. b3 Be7 10. Bg5 Bxg5 11. Nxg5 h6 12. Nf3 Be6 13. Nbd2 cxd4 14. cxd4 Nxd4
15. Nxd4 Qxd4 16. Nf3 Qb6 17. Re1 O-O 18. Rc1 Rac8 19. Nd4 Rxc1 20. Qxc1 Qxd4
21. Qc7 Qb4 22. Rd1 Rc8 23. Qe7 Qxe7 24. Kf1 Qb4 25. Re1 Qb5+ 26. Kg1 Qc5 27.
Kf1 d4 28. Ke2 Qc2+ 29. Kf1 d3 30. g3 d2 31. Re2 Qd1+ 32. Re1 Qxe1+ 33. Kg2
Qe4+ 34. Kh3 f4+ 35. g4 Qf3+ 36. Kh4 Qxg4# 0-1

[Event "DEM U10/U10w 2013"]
[Site "Oberhof GER"]
[Date "2013.05.20"]
[Round "3"]
[White "Buchloh, Adrian"]
[Black "Ruppert, Paula"]
[Result "1-0"]
[Termination "normal"]
[Board "41"]
[WhiteElo "1141"]
[BlackElo "989"]
[PlyCount "99"]
[WhiteFideId "12960675"]
[BlackFideId "12979996"]
[EventCountry "GER"]
[EventRounds "11"]
[EventType "swiss"]
[EventDate "2013.05.18"]

1. d4 d5 2. Nc3 Nf6 3. Bf4 c6 4. Qd2 Bf5 5. f3 e6 6. g4 Bg6 7. h4 h6 8. e3 c5
9. Bd3 Bxd3 10. cxd3 cxd4 11. exd4 Nc6 12. Nge2 Bb4 13. a3 Bxc3 14. Qxc3 O-O
15. g5 hxg5 16. hxg5 Nd7 17. O-O-O Rc8 18. Kb1 Nce5 19. Qe1 Nxf3 20. Qf2 Nxg5
21. Qh4 f6 22. Bd6 Re8 23. Qg4 Nb6 24. Bb4 Na4 25. Rh2 Qc7 26. Nf4 Nh3 27. Nxe6
Qf7 28. Qxh3 Qxe6 29. Qh7+ Kf7 30. Rg1 Rg8 31. Qh5+ g6 32. Qh7+ Rg7 33. Qh4 Qe3
34. Rd1 Qf3 35. Rhd2 Qh5 36. Qe1 Re8 37. Qg3 Re2 38. Qc7+ Kg8 39. Qd8+ Kh7 40.
Rxe2 Qxe2 41. Rh1+ Qh5 42. Rxh5+ gxh5 43. Qa5 Nb6 44. Qxa7 Nd7 45. Qxb7 Ne5 46.
Qxd5 Nxd3 47. Qe4+ Kh6 48. Qxd3 Rg1+ 49. Kc2 Rg2+ 50. Bd2+ 1-0

[Event "DEM U10/U10w 2013"]
[Site "Oberhof GER"]
[Date "2013.05.20"]
[Round "3"]
[White "Gabriel, Benjamin"]
[Black "Wastian, Mareike"]
[Result "1/2-1/2"]
[Termination "normal"]
[Board "42"]
[WhiteElo "920"]
[BlackElo "1096"]
[PlyCount "54"]
[WhiteFideId "16226887"]
[BlackFideId "12947423"]
[EventCountry "GER"]
[EventRounds "11"]
[EventType "swiss"]
[EventDate "2013.05.18"]

1. d4 d5 2. Nc3 c6 3. Bf4 Nf6 4. Nf3 Bg4 5. e3 e6 6. Be2 Be7 7. O-O Nbd7 8. a3
O-O 9. b4 Rc8 10. Ne5 Bxe2 11. Nxe2 Nb6 12. Qc1 Ne4 13. f3 Nd6 14. g3 g5 15.
Bxg5 Bxg5 16. f4 Be7 17. Qd1 Nbc4 18. Rf3 Nxe5 19. fxe5 Nf5 20. Qd3 Kh8 21. Kh1
f6 22. exf6 Bxf6 23. Nf4 Ng7 24. g4 Bg5 25. Rh3 Kg8 26. Qxh7+ Kf7 27. Nxe6 Kxe6
1/2-1/2

[Event "DEM U10/U10w 2013"]
[Site "Oberhof GER"]
[Date "2013.05.20"]
[Round "3"]
[White "Zell, Hannah"]
[Black "Silber, Fabian"]
[Result "0-1"]
[Termination "normal"]
[Board "44"]
[WhiteElo "723"]
[BlackElo "1058"]
[PlyCount "32"]
[WhiteFideId "16208900"]
[BlackFideId "12947288"]
[EventCountry "GER"]
[EventRounds "11"]
[EventType "swiss"]
[EventDate "2013.05.18"]

1. e4 e5 2. Nf3 Nc6 3. d4 exd4 4. Nxd4 Bc5 5. Nxc6 bxc6 6. Nc3 Nf6 7. Bg5 h6 8.
Bf4 d6 9. e5 Qe7 10. Be2 dxe5 11. Be3 Bd6 12. O-O O-O 13. b4 e4 14. b5 Qe5 15.
f3 Qxh2+ 16. Kf2 Bg3# 0-1